Eusebi Güell i Bacigalupi (1918-2018) : centenari de la mort : programa d'activitats 2018 centenari de la mort : programa d'activitats 2018
Descripción Física:
15 pàgines ; 21 cm.
Colección:
Any Güell
Materias:
Güell i Bacigalupi, Eusebi, -- 1846-1918
; Palau Güell (Barcelona) -- Activitats culturals
Idioma:
Catalán
MARC
| LEADER | 00000nam a22000007a 4500 | ||
|---|---|---|---|
| 001 | 24987 | ||
| 008 | 211115b spa||||| |||| 00| 0 cat d | ||
| 017 | |a DL B 14306-2018 | ||
| 080 | |a FU-67-85 | ||
| 245 | |a Eusebi Güell i Bacigalupi (1918-2018) : |b centenari de la mort : programa d'activitats 2018 | ||
| 260 | |a [Barcelona] : |b Diputació de Barcelona, Palau Güell, |c 2018 | ||
| 300 | |a 15 pàgines ; |c 21 cm. | ||
| 490 | |a Any Güell | ||
| 600 | 0 | |a Güell i Bacigalupi, Eusebi, |d 1846-1918 |9 17363 | |
| 610 | 2 | 0 | |a Palau Güell (Barcelona) |9 52964 |x Activitats culturals |
| 710 | 2 | |a Palau Güell (Barcelona) |9 17034 | |
| 942 | |2 udc |c ARXIU |n 1 | ||
| 952 | |0 0 |1 0 |4 0 |6 FU6786 |7 1 |9 60803 |a Arxiu |b Arxiu |d 2021-11-15 |o FU-67-86 |p 24987 |r 2021-11-15 00:00:00 |w 2021-11-15 |y ARXIU | ||
| 952 | |0 0 |1 0 |4 0 |7 1 |9 62326 |a Arxiu |b Arxiu |d 2022-06-10 |o PDL |p 25867 |r 2022-06-10 00:00:00 |w 2022-06-10 |y ARXIU | ||
| 999 | |c 80935 |d 80935 | ||